|
|
|
|
| LEADER |
01153nab a2200325 i 4500 |
| 001 |
publ7133 |
| 005 |
20190729153912.0 |
| 008 |
160720s2015 hu o 0|| zxx d |
| 022 |
|
|
|a 00092614
|
| 024 |
7 |
|
|a 10.1016/j.cplett.2015.03.008
|2 doi
|
| 024 |
7 |
|
|a 2865787
|2 mtmt
|
| 040 |
|
|
|a SZTE Publicatio Repozitórium
|b hun
|
| 041 |
|
|
|a zxx
|
| 100 |
1 |
|
|a Szórád János József
|
| 245 |
1 |
0 |
|a Conformation change of opiorphin derivates. A theoretical study of the radical initiated epimerization of opiorphin
|h [elektronikus dokumentum] /
|c Szórád János József
|
| 260 |
|
|
|c 2015
|
| 300 |
|
|
|a 29-38
|
| 490 |
0 |
|
|a Chemical Physics Letters
|v 626
|
| 700 |
0 |
2 |
|a Pongráczné Faragó Eszter
|e aut
|
| 700 |
0 |
2 |
|a Rágyanszki Anita
|e aut
|
| 700 |
0 |
2 |
|a Cimino Franco A.
|e aut
|
| 700 |
0 |
2 |
|a Fiser Béla
|e aut
|
| 700 |
0 |
2 |
|a Owen Michael Christopher
|e aut
|
| 700 |
0 |
2 |
|a Jójárt Balázs
|e aut
|
| 700 |
0 |
2 |
|a Morgado Claudio A.
|e aut
|
| 700 |
0 |
2 |
|a Szőri Milán
|e aut
|
| 700 |
0 |
2 |
|a Jensen Knak Svend J.
|e aut
|
| 700 |
0 |
2 |
|a Csizmadia Imre Gyula
|e aut
|
| 700 |
0 |
2 |
|a Viskolcz Béla
|e aut
|
| 856 |
4 |
0 |
|u http://publicatio.bibl.u-szeged.hu/7133/1/Milan_037.pdf
|z Dokumentum-elérés
|